000 00581nam a2200229Ia 4500
003 OSt
005 20220924142846.0
006 a|||||r|||| 00| 0
007 ta
008 ASM
024 _a303555
037 _cTextual
040 _aARTS
_cARTS
_bASM
041 _2ASM
_aASM
082 _aO158,1(Q)xM, K6
100 _aSharma Satyendranath Ed.
_9214189
245 0 _aBhakti Gita - pada sanchayana
260 _c1966
650 _aASSAMESE LITERATURE
_911738
942 _hO158,1(Q)xM, K6
_cTEXL
_2CC
999 _c452203
_d452203